| 000 | 00395 a2200145 4500 | ||
|---|---|---|---|
| 001 | 92106 | ||
| 082 | _a891.4393 AZE | ||
| 090 |
_c44070 _d44069 |
||
| 100 | _aAzeem Beg Chughtai, Mirza | ||
| 245 |
_aMajmooa Mirza Azeem Beg Chughtai _bMazameen, Dastaan, Dramay,Afsaanay |
||
| 250 | _a1 | ||
| 260 |
_aLahore _bSange Meel Publications _c2008 |
||
| 300 |
_a672p. _bHb |
||
| 500 | _aGeneral Book | ||
| 942 |
_aCAE NUST _k891.4393 AZE |
||
| 999 |
_c327179 _d327179 |
||